000
00332nam a2200157Ia 4500
100
_a
Danny/Goodman
650
_a
Javascript
942
_c
RB
366
_f
20
654
_a
javascript
245
_a
Javascript and DHTML cookbook
260
_b
Oreilly
_c
2003
082
_a
005.133J/DAN
_b
DAN
300
_a
520
546
_a
ENGLISH
999
_c
18601
_d
18601